Estadísticas para Campeones de la Liga Profesional Argentina

Haz click aquí para intentar la prueba.

Estadísticas generales

  • Esta prueba ha sido intentada 60 veces
  • La puntuación promedio es 14 de 17

Estadísticas de respuestas

#Campeones% Correcto
37River Plate
100%
29Boca Juniors
98%
14Independiente
96%
12San Lorenzo
96%
5Estudiantes
95%
9Racing Club
93%
10Velez
91%
4Rosario Central
86%
6Newells
84%
1Banfield
79%
2Lanus
75%
1Huracan
71%
3Argentinos
68%
2Ferro
64%
1Chacarita
61%
1Arsenal
57%
1Quilmes
46%

Distribución de puntuación

Porcentaje por número respondido

Porcentaje de gente con cada puntuación

Historial de tus puntuaciones

No has intentado esta prueba.